Pepita Jiménez / (Registro nro. 10554)
[ vista simple ]
| 000 -LIDER | |
|---|---|
| fixed length control field | 00859nam a2200301 b 4500 |
| 001 - NÚMERO DE CONTROL | |
| Identificador de número de control | o00018 |
| 003 - IDENTIFICACDOR DE NÚMERO DE CONTROL | |
| control field | DO-SdBPM |
| 005 - DATE AND TIME OF LATEST TRANSACTION | |
| control field | 20241128110152.0 |
| 007 - CAMPOS FIJOS DE DESCRIPCIÓN FÍSICA | |
| fixed length control field | o00018 |
| 008 - ELEMENTOS DE LONGITUD FIJA | |
| fixed length control field | 030401s2001 sp ||| ||spa |
| 020 ## - ISBN | |
| International Standard Book Number | 8466304010 |
| 035 ## - NÚMERO LOCAL | |
| System control number | |
| 040 ## - FUENTE DE CATALOGACIÓN | |
| Agencia que crea de manera original el registro | DO-SdBPM |
| Idioma de catalogación | spa |
| Agencia que realiza la transcripción | BPMSU |
| Convenciones de la despripción | |
| 080 ## - NÚMERO DE CLASIFICACIÓN DECIMAL UNIVERSAL | |
| Universal Decimal Classification number | |
| 082 #4 - NÚMERO DE CLASIFICACIÓN DECIMAL DE DEWEY | |
| Classification number | 863.5 |
| Item number | V162p 2001 |
| Edition number | 22 |
| 100 1# - ASIENTO PRINCIPAL -- NOMBRE PERSONAL | |
| Nombre personal | Valera, Juan |
| Fechas asociadas con el nombre | 1824-1905 |
| Término de relación | v |
| 245 10 - MENCIÓN DE TITULO | |
| Título | Pepita Jiménez / |
| Mención de responsabilidad | Juan Valera ; selección de María Luisa Guardiola; introducción, Guillermo A. Granera Ch. |
| Medio (Designación general de material) | |
| 250 ## - MENCIÓN DE EDICION | |
| Mención de edición | |
| 260 ## - PUBLICACIÓN, DISTRIBUCIÓN, ETC. (PIE DE IMPRENTA) | |
| Lugar de publicación, distribución, etc | Madrid : |
| Nombre del editor, distribuidor, etc. | Santillana Ediciones, |
| Fecha de publicación, distribución, etc | 2001 |
| 300 ## - DESCRIPCIÓN FÍSICA | |
| Extensión | 380 p. ; |
| Dimensiones | 21 cm |
| 490 0# - MENCIÓN DE SERIES | |
| Mención de serie | Punto de lectura |
| Volume/sequential designation | 300/11 |
| 590 ## - NOTA LOCAL | |
| Texto de la nota local | Inventariado, 2024/VM |
| 650 #4 - ENCABEZAMIENTO DE MATERIA--TEMÁTICO | |
| Término temático o nombre geográfico como elemento de entrada | Novela española |
| 650 #4 - ENCABEZAMIENTO DE MATERIA--TEMÁTICO | |
| Término temático o nombre geográfico como elemento de entrada | Novela amorosa |
| 910 ## - VALIDACIÓN | |
| Validación | VMateo V. Control de calidad. BPMSU |
| 942 ## - ADDED ENTRY ELEMENTS (KOHA) | |
| Source of classification or shelving scheme | Dewey Decimal Classification |
| Koha item type | Libros |
| 980 ## - EQUIVALENCE OR CROSS-REFERENCE-SERIES STATEMENT--PERSONAL NAME/TITLE [LOCAL, CANADA] | |
| Personal name | |
| Attribution qualifier | |
| Titles and other words associated with a name | |
| Withdrawn status | Lost status | Source of classification or shelving scheme | Damaged status | Not for loan | Collection code | Home library | Current library | Date acquired | Source of acquisition | Total Checkouts | Full call number | Barcode | Date last seen | Price effective from | Koha item type | Copy number |
|---|---|---|---|---|---|---|---|---|---|---|---|---|---|---|---|---|
| Dewey Decimal Classification | Colección General | Biblioteca Pública Metropolitana Salomé Ureña | Biblioteca Pública Metropolitana Salomé Ureña | 06/23/2016 | ALFAGUARA | BPMSU CG 863.5 V162p 2001 | BPMSU16060468 | 06/23/2016 | 06/23/2016 | Libros | ||||||
| Dewey Decimal Classification | Colección General | Biblioteca Pública Metropolitana Salomé Ureña | Biblioteca Pública Metropolitana Salomé Ureña | 06/23/2016 | ALFAGUARA | BPMSU CG 863.5 V162p 2001 | BPMSU16060469 | 06/23/2016 | 06/23/2016 | Libros | e.2 | |||||
| Dewey Decimal Classification | Colección General | Biblioteca Pública Metropolitana Salomé Ureña | Biblioteca Pública Metropolitana Salomé Ureña | 06/23/2016 | ALFAGUARA | BPMSU CG 863.5 V162p 2001 | BPMSU16060470 | 06/23/2016 | 06/23/2016 | Libros | e.3 |